000 00320nam a2200121Ia 4500
008 210430s9999 xx 000 0 und d
082 _a530 K2011P
100 _aGettys Edward W
_954835
245 _aPhysics Classical And Modern
_cGettys Edward W
260 _bMc Graw Hill
_c1993
300 _a1147p.
942 _cBK
_2ddc
999 _c565601
_d565601